000 01383nam a22003254a 4500
001 ebr10265615
003 CaPaEBR
006 m u
007 cr cn|||||||||
008 030627s2003 nyua sb 001 0 eng
020 _z0826121659
040 _aCaPaEBR
_cCaPaEBR
035 _a(OCoLC)318643810
050 1 4 _aRT89
_b.N83 2003eb
082 0 4 _a331.12/9161073/0973
_222
245 0 4 _aThe nursing shortage
_h[electronic resource] :
_bstrategies for recruitment and retention in clinical practice and education /
_cHarriet R. Feldman, editor.
260 _aNew York :
_bSpringer Pub.,
_cc2003.
300 _axii, 186 p. :
_bill.
490 1 _aSpringer series on nursing management and leadership
504 _aIncludes bibliographical references and index.
533 _aElectronic reproduction.
_bPalo Alto, Calif. :
_cebrary,
_d2013.
_nAvailable via World Wide Web.
_nAccess may be limited to ebrary affiliated libraries.
650 0 _aNursing services
_xAdministration.
650 0 _aManpower planning.
650 0 _aMedical personnel
_xSupply and demand.
655 7 _aElectronic books.
_2local
700 1 _aFeldman, Harriet R.
710 2 _aebrary, Inc.
830 0 _aSpringer series on nursing management and leadership.
856 4 0 _uhttp://site.ebrary.com/lib/rucke/Doc?id=10265615
_zAn electronic book accessible through the World Wide Web; click to view
999 _c10434
_d10434